| Tag |
First Indicator |
Second Indicator |
Subfields |
| LEADER |
00000cam a2200000 a 4500 |
| 001 |
in00000015773 |
| 005 |
20151007052610.0 |
| 008 |
870505s1987 oncaf b 00110 eng c |
| 010 |
|
|
|a cn 87094126
|
| 015 |
|
|
|a C87-94126-7
|
| 020 |
|
|
|a 0802026338 (bound) :
|c $30.00
|
| 020 |
|
|
|a 0802066690 (pbk.) :
|c $14.95
|
| 035 |
|
|
|a (OCoLC)16175037
|
| 035 |
|
|
|9 AAA8453AM
|
| 040 |
|
|
|a CaOTU
|b eng
|c NLC
|d TXA
|d UtOrBLW
|
| 043 |
|
|
|a n-cn---
|
| 049 |
|
|
|a TXAM
|c [A12608780]
|
| 050 |
|
4 |
|a PN2304
|b .F55 1987
|
| 082 |
0 |
|
|a 792.1/4/0971
|2 19
|
| 100 |
1 |
|
|a Filewod, Alan D.
|q (Alan Douglas),
|d 1952-
|
| 245 |
1 |
0 |
|a Collective encounters :
|b documentary theatre in English Canada /
|c Alan Filewod.
|
| 264 |
|
1 |
|a Toronto ;
|a Buffalo :
|b University of Toronto Press,
|c [1987]
|
| 264 |
|
4 |
|c ©1987
|
| 300 |
|
|
|a xi, 214 pages, 14 unnumbered pages of plates :
|b illustrations ;
|c 24 cm.
|
| 336 |
|
|
|a text
|b txt
|2 rdacontent
|
| 337 |
|
|
|a unmediated
|b n
|2 rdamedia
|
| 338 |
|
|
|a volume
|b nc
|2 rdacarrier
|
| 500 |
|
|
|a Includes index.
|
| 504 |
|
|
|a Bibliography: pages [199]-206.
|
| 650 |
|
0 |
|a Experimental theater
|z Canada
|x History.
|
| 999 |
|
|
|a MARS
|
| 999 |
f |
f |
|s 8d12aa5c-2778-3447-892a-a249f9d28e87
|i a48a5ed6-c5b4-340f-92e8-a5ef05d1846e
|t 0
|
| 952 |
f |
f |
|p ric
|a Texas A&M University
|b Rellis Campus
|c Joint Library Facility
|d Remote Storage
|t 0
|e PN2304 .F55 1987
|h Library of Congress classification
|i unmediated -- volume
|m A14812608780
|
| 998 |
f |
f |
|a PN2304 .F55 1987
|t 0
|l Remote Storage
|